000 00578nam a2200205Ia 4500
005 20250508154016.0
008 008 250505s9999 xx 000 0 eng d
037 _aTextual
040 _aFEDL
_beng
_cFEDL
041 _aeng
_2eng
084 _a370.15, MAT
_qFEDL
100 _aMatthew Anjilvel V.
_994457
245 0 _aPsychology and principles of education
250 _a3
260 _aTiruvalla
_bLiterature Press
_c1958
300 _axxiii,533p
650 _aEducation - Psychology
_9755527
942 _cTEXL
_h370.15, MAT
999 _c1347002
_d1347002